[Event "ISL-chT Kvika 2324"]
[Site "Reykjavik"]
[Date "2023.10.13"]
[Round "2.3"]
[White "Lomasov, Semen"]
[Black "Dziuba, Marcin"]
[Result "1-0"]
[WhiteElo "2559"]
[BlackElo "2519"]
[PlyCount "77"]
[EventDate "2023.10.12"]
[EventType "team-tourn"]
[EventRounds "10"]
[EventCountry "ISL"]
[SourceTitle "Mega2024 Update 01"]
[Source "Chessbase"]
[SourceDate "2023.11.12"]
[SourceVersion "1"]
[SourceVersionDate "2023.11.12"]
[SourceQuality "1"]
[WhiteTeam "Skakdeild KR"]
[BlackTeam "Vikingaklubburinn"]
[WhiteTeamCountry "ISL"]
[BlackTeamCountry "ISL"]

1. e4 e5 2. Nf3 Nc6 3. Bc4 Bc5 4. c3 Nf6 5. d4 exd4 6. e5 d5 7. Bb5 Ne4 8. cxd4 Bb6 9. Nc3 0-0 10. Be3 Bg4 11. h3 Bh5 12. Rc1 Nxc3 13. bxc3 Na5 14. g4 Bg6 15. Bg5 f6 16. exf6 gxf6 17. Bh6 Rf7 18. Nh4 Qd6 19. Nf5 Qe6+ 20. Kf1 Nc4 21. Qf3 c6 22. Re1 Qd7 23. Ba4 Bc7 24. Bc2 Kh8 25. h4 Nd6 26. Rg1 Rg8 27. h5 Bxf5 28. Bxf5 Nxf5 29. Qxf5 Bd6 30. Re6 Re8 31. Rxe8+ Qxe8 32. g5 Qd7 33. Qxd7 Rxd7 34. gxf6 Bc7 35. Bf8 Rf7 36. Be7 Bf4 37. Ke2 b6 38. Kf3 Bd2 39. Kg4 1-0

[Event "Przeworsk"]
[Site "Przeworsk"]
[Date "2023.06.04"]
[Round "9"]
[White "Licznerski, Lukasz"]
[Black "Dziuba, Marcin"]
[Result "1/2-1/2"]
[WhiteElo "2460"]
[BlackElo "2535"]
[PlyCount "83"]
[EventDate "2023.05.29"]
[EventType "tourn"]
[EventRounds "9"]
[EventCountry "POL"]
[EventCategory "8"]
[SourceTitle "CBM 214 Extra"]
[Source "ChessBase"]
[SourceDate "2023.07.31"]
[SourceVersion "1"]
[SourceVersionDate "2023.07.31"]
[SourceQuality "1"]

1. e4 c5 2. Nf3 Nc6 3. Bb5 e5 4. 0-0 Bd6 5. c3 a6 6. Ba4 b5 7. Bc2 Nge7 8. d4 cxd4 9. cxd4 exd4 10. Nbd2 Qc7 11. Nb3 Bb7 12. Nbxd4 Nxd4 13. Qxd4 0-0 14. Qd3 Ng6 15. Bb3 Ne5 16. Nxe5 Bxe5 17. f4 Qd6 18. Qxd6 Bxd6 19. Be3 Bxe4 20. Rad1 Be7 21. Rxd7 Rfe8 22. Rc1 Bf5 23. Rb7 Be4 24. Rbc7 Rad8 25. Bc5 Bxc5+ 26. R1xc5 Kh8 27. Re5 Rxe5 28. fxe5 Bg6 29. e6 fxe6 30. Bxe6 Rd1+ 31. Kf2 h5 32. Rc8+ Kh7 33. Bg8+ Kh6 34. Rc6 Rd2+ 35. Kf3 Kg5 36. h4+ Kf5 37. Bb3 Be8 38. Rxa6 Rxb2 39. Rd6 b4 40. g3 Rh2 41. Rd5+ Kf6 42. Rd6+ 1/2-1/2

[Event "Przeworsk"]
[Site "Przeworsk"]
[Date "2023.05.30"]
[Round "3"]
[White "Baum, Jonasz"]
[Black "Dziuba, Marcin"]
[Result "1/2-1/2"]
[WhiteElo "2427"]
[BlackElo "2535"]
[PlyCount "50"]
[EventDate "2023.05.29"]
[EventType "tourn"]
[EventRounds "9"]
[EventCountry "POL"]
[EventCategory "8"]
[SourceTitle "CBM 214 Extra"]
[Source "ChessBase"]
[SourceDate "2023.07.31"]
[SourceVersion "1"]
[SourceVersionDate "2023.07.31"]
[SourceQuality "1"]

1. d4 Nf6 2. c4 e6 3. Nf3 d5 4. g3 Be7 5. Bg2 0-0 6. 0-0 dxc4 7. Qc2 b5 8. a4 Bb7 9. axb5 a6 10. Nc3 axb5 11. Rxa8 Bxa8 12. Nxb5 Bd5 13. Rd1 Nc6 14. Qa4 Qb8 15. Nc3 Qb6 16. e3 Rb8 17. Nxd5 exd5 18. Ne5 Qa7 19. Qxc6 Rb6 20. b3 Bf8 21. Qa4 Ra6 22. Qb5 Rb6 23. Qa4 Ra6 24. Qb5 Rb6 25. Qa4 Ra6 1/2-1/2

[Event "Reykjavik op"]
[Site "Reykjavik"]
[Date "2023.04.04"]
[Round "9"]
[White "Dziuba, Marcin"]
[Black "Nilsen, Tobias Lang"]
[Result "1-0"]
[WhiteElo "2554"]
[BlackElo "2265"]
[PlyCount "49"]
[EventDate "2023.03.29"]
[EventType "swiss"]
[EventRounds "9"]
[EventCountry "ISL"]
[SourceTitle "CBM 213 Extra"]
[Source "ChessBase"]
[SourceDate "2023.05.31"]
[SourceVersion "1"]
[SourceVersionDate "2023.05.31"]
[SourceQuality "1"]

1. d4 d5 2. c4 e6 3. Nf3 c6 4. e3 f5 5. Bd3 Nf6 6. 0-0 Bd6 7. b3 Qe7 8. Bb2 0-0 9. Nc3 Ne4 10. Ne2 Nd7 11. Rc1 b6 12. Ne5 Bb7 13. f3 Ng5 14. Qe1 Rac8 15. Qg3 c5 16. Nf4 Nxe5 17. dxe5 Bb8 18. Rfd1 Nf7 19. cxd5 Nxe5 20. dxe6 Rcd8 21. Be2 Bc8 22. Nd5 Qxe6 23. Nc7 Bxc7 24. Bc4 Qxc4 25. bxc4 1-0

[Event "Reykjavik op"]
[Site "Reykjavik"]
[Date "2023.04.02"]
[Round "7"]
[White "Dziuba, Marcin"]
[Black "Karthik, Rajaa"]
[Result "1-0"]
[WhiteElo "2554"]
[BlackElo "2302"]
[PlyCount "83"]
[EventDate "2023.03.29"]
[EventType "swiss"]
[EventRounds "9"]
[EventCountry "ISL"]
[SourceTitle "CBM 213 Extra"]
[Source "ChessBase"]
[SourceDate "2023.05.31"]
[SourceVersion "1"]
[SourceVersionDate "2023.05.31"]
[SourceQuality "1"]

1. d4 Nf6 2. c4 e6 3. Nf3 Bb4+ 4. Bd2 Bxd2+ 5. Qxd2 d5 6. Nc3 0-0 7. e3 Qe7 8. Rd1 Rd8 9. Qc2 b6 10. cxd5 exd5 11. Be2 Bb7 12. 0-0 Nbd7 13. Qb3 a6 14. Rc1 Qd6 15. Rfd1 Re8 16. Bf1 Rab8 17. Ne2 c5 18. Qa3 Qc6 19. dxc5 bxc5 20. b4 c4 21. Nc3 Ne5 22. Nxe5 Rxe5 23. Rd4 Qe8 24. Rcd1 Qe6 25. Qc1 Bc6 26. a3 Ne4 27. g3 Nd6 28. Bg2 Nb5 29. R4d2 Rd8 30. Ne2 h5 31. Nf4 Qf5 32. h4 Nc7 33. Rd4 Rde8 34. e4 dxe4 35. Rxc4 Ba4 36. Rxc7 Bxd1 37. Qxd1 g6 38. Bh3 Qf6 39. Nd5 Qg7 40. Rc6 Kh8 41. Nf6 e3 42. Nxe8 1-0

[Event "Reykjavik op"]
[Site "Reykjavik"]
[Date "2023.04.01"]
[Round "5"]
[White "Dziuba, Marcin"]
[Black "Goh, Jinghan Cameron"]
[Result "1-0"]
[WhiteElo "2554"]
[BlackElo "1899"]
[PlyCount "55"]
[EventDate "2023.03.29"]
[EventType "swiss"]
[EventRounds "9"]
[EventCountry "ISL"]
[SourceTitle "CBM 213 Extra"]
[Source "ChessBase"]
[SourceDate "2023.05.31"]
[SourceVersion "1"]
[SourceVersionDate "2023.05.31"]
[SourceQuality "1"]

1. d4 Nf6 2. c4 e6 3. Nf3 c5 4. d5 b5 5. dxe6 fxe6 6. cxb5 d5 7. e3 Nbd7 8. Be2 Bd6 9. Nbd2 Bb7 10. b3 0-0 11. Bb2 Qe7 12. Qc2 e5 13. e4 Nxe4 14. Nxe4 dxe4 15. Nd2 e3 16. fxe3 Bxg2 17. Qc4+ Kh8 18. Rg1 Bh3 19. 0-0-0 Nb6 20. Qc2 Nd5 21. Qe4 Nb4 22. Bg4 Bxg4 23. Rxg4 Nxa2+ 24. Kb1 Nb4 25. Nf3 Rad8 26. Rdg1 Qf7 27. Nxe5 Qxb3 28. Qxh7+ 1-0

[Event "Bundesliga 2223"]
[Site "Germany"]
[Date "2022.10.22"]
[Round "1.4"]
[White "Dziuba, Marcin"]
[Black "Shirov, Alexei"]
[Result "0-1"]
[WhiteElo "2569"]
[BlackElo "2662"]
[PlyCount "72"]
[EventDate "2022.10.21"]
[EventType "team-tourn"]
[EventRounds "15"]
[EventCountry "GER"]
[SourceTitle "CBM 211"]
[Source "ChessBase"]
[SourceDate "2022.12.31"]
[SourceVersion "1"]
[SourceVersionDate "2022.12.31"]
[SourceQuality "1"]
[WhiteTeam "Kiel Turm"]
[BlackTeam "Baden-Baden"]
[WhiteTeamCountry "GER"]
[BlackTeamCountry "GER"]

1. d4 d5 2. c4 c6 3. Nf3 Nf6 4. Nc3 e6 5. Qd3 b6 6. cxd5 cxd5 7. Bf4 Nc6 8. e3 Bb7 9. Be2 Bd6 10. Ne5 0-0 11. 0-0 Bxe5 12. Bxe5 Ne4 13. Rac1 f6 14. Bf4 g5 15. Bg3 Nxg3 16. hxg3 f5 17. f4 Kh8 18. g4 fxg4 19. Bxg4 gxf4 20. exf4 Qh4 21. Bxe6 Rxf4 22. Bxd5 Nb4 23. Qc4 Nxd5 24. Nxd5 Rxf1+ 25. Rxf1 Rc8 26. Qb3 Qxd4+ 27. Ne3 Re8 28. Re1 Bxg2 29. Rd1 Bd5 30. Rxd4 Bxb3 31. axb3 Rxe3 32. Rd8+ Kg7 33. Rd7+ Kg6 34. Rxa7 Rxb3 35. Ra2 h5 36. Kf2 Kg5 0-1

[Event "ISL-chT Kvika 2223"]
[Site "Reykjavik"]
[Date "2022.10.16"]
[Round "5.3"]
[White "Dziuba, Marcin"]
[Black "Cheparinov, Ivan"]
[Result "0-1"]
[WhiteElo "2569"]
[BlackElo "2689"]
[PlyCount "60"]
[EventDate "2022.10.13"]
[EventType "team-tourn"]
[EventRounds "10"]
[EventCountry "ISL"]
[SourceTitle "CBM 213 Extra"]
[Source "ChessBase"]
[SourceDate "2023.05.31"]
[SourceVersion "1"]
[SourceVersionDate "2023.05.31"]
[SourceQuality "1"]
[WhiteTeam "Vikingaklubburinn"]
[BlackTeam "Taflfelag Gardjabaejar"]
[WhiteTeamCountry "ISL"]
[BlackTeamCountry "ISL"]

1. d4 Nf6 2. c4 e6 3. Nf3 d5 4. Nc3 c6 5. e3 Nbd7 6. Be2 Bd6 7. 0-0 0-0 8. b3 b6 9. Bb2 Bb7 10. Bd3 Re8 11. Re1 Rc8 12. Rc1 e5 13. dxe5 Nxe5 14. cxd5 cxd5 15. Nxe5 Bxe5 16. Bf5 Rc5 17. f4 Bd6 18. Qd4 h5 19. Bd3 Rc8 20. b4 a5 21. a3 axb4 22. axb4 Qe7 23. Bb5 Bxb4 24. Bxe8 Rxe8 25. Qe5 Qd8 26. Qg5 d4 27. Rcd1 Qc8 28. exd4 Rxe1+ 29. Rxe1 Bxc3 30. Rc1 Qe8 0-1

[Event "ISL-chT Kvika 2223"]
[Site "Reykjavik"]
[Date "2022.10.15"]
[Round "3.3"]
[White "Heimisson, Hilmir Freyr"]
[Black "Dziuba, Marcin"]
[Result "1/2-1/2"]
[WhiteElo "2293"]
[BlackElo "2569"]
[PlyCount "67"]
[EventDate "2022.10.13"]
[EventType "team-tourn"]
[EventRounds "10"]
[EventCountry "ISL"]
[SourceTitle "CBM 213 Extra"]
[Source "ChessBase"]
[SourceDate "2023.05.31"]
[SourceVersion "1"]
[SourceVersionDate "2023.05.31"]
[SourceQuality "1"]
[WhiteTeam "Breidjblik Skakdeild"]
[BlackTeam "Vikingaklubburinn"]
[WhiteTeamCountry "ISL"]
[BlackTeamCountry "ISL"]

1. c4 Nf6 2. Nc3 g6 3. e4 d6 4. d4 Bg7 5. Nf3 0-0 6. Be2 e5 7. 0-0 Nc6 8. d5 Ne7 9. b4 a5 10. bxa5 Rxa5 11. a4 c5 12. Ra3 Nh5 13. Re1 h6 14. Nd2 Nf4 15. Bf1 Ra6 16. Nb5 h5 17. Nf3 f6 18. g3 Nh3+ 19. Kg2 f5 20. Ng5 Nxg5 21. Bxg5 fxe4 22. Nc3 Bg4 23. Qb1 Rb6 24. Rb3 Rxb3 25. Qxb3 Qd7 26. Bxe7 Qxe7 27. Nxe4 Rf7 28. Kg1 h4 29. Bg2 Bf5 30. Qb6 Bf8 31. Qb3 Bh6 32. Qb6 Bf8 33. Qb3 Bh6 34. Qb6 1/2-1/2

[Event "Warsaw Maciei Memorial"]
[Site "Warsaw"]
[Date "2022.07.08"]
[Round "8"]
[White "Dziuba, Marcin"]
[Black "Niezhentsev, Kyrylo"]
[Result "1-0"]
[WhiteElo "2576"]
[BlackElo "1721"]
[PlyCount "63"]
[EventDate "2022.07.08"]
[EventType "swiss (blitz)"]
[EventRounds "11"]
[EventCountry "POL"]
[SourceTitle "CBM 209 Extra"]
[Source "ChessBase"]
[SourceDate "2022.09.30"]
[SourceVersion "1"]
[SourceVersionDate "2022.09.30"]
[SourceQuality "1"]

1. d4 Nf6 2. c4 e6 3. Nf3 b6 4. a3 Bb7 5. Nc3 d5 6. Bg5 Be7 7. e3 0-0 8. Bd3 dxc4 9. Bxc4 c5 10. dxc5 bxc5 11. 0-0 Nbd7 12. Qc2 h6 13. Bh4 Bxf3 14. gxf3 Nd5 15. Bg3 N7b6 16. Ba2 Rc8 17. Rad1 Qe8 18. Nxd5 exd5 19. Bxd5 Nxd5 20. Rxd5 Qc6 21. Rfd1 c4 22. e4 c3 23. b4 Rfd8 24. Kg2 h5 25. h4 g6 26. R1d3 a5 27. bxa5 Rxd5 28. exd5 Qc4 29. d6 Bxh4 30. d7 Rd8 31. Rxc3 Qd4 32. Rc4 1-0

[Event "Warsaw Maciei Memorial"]
[Site "Warsaw"]
[Date "2022.07.08"]
[Round "3"]
[White "Lach, Aleksandra"]
[Black "Dziuba, Marcin"]
[Result "1-0"]
[WhiteElo "2152"]
[BlackElo "2576"]
[PlyCount "77"]
[EventDate "2022.07.08"]
[EventType "swiss (blitz)"]
[EventRounds "11"]
[EventCountry "POL"]
[SourceTitle "CBM 209 Extra"]
[Source "ChessBase"]
[SourceDate "2022.09.30"]
[SourceVersion "1"]
[SourceVersionDate "2022.09.30"]
[SourceQuality "1"]

1. e4 c5 2. Nc3 a6 3. Nge2 d6 4. g3 g6 5. Bg2 Bg7 6. 0-0 Nc6 7. d3 Nf6 8. h3 0-0 9. f4 Bd7 10. g4 b5 11. Ng3 e6 12. f5 b4 13. Nce2 exf5 14. exf5 Ne8 15. Nf4 Nc7 16. Nd5 Be5 17. Bf4 Nxd5 18. Bxd5 Qh4 19. Kg2 Rae8 20. Qd2 Bxf4 21. Qxf4 Re5 22. Be4 d5 23. Bf3 g5 24. Qd2 Rfe8 25. c3 Re3 26. Nh5 bxc3 27. Qxc3 Re2+ 28. Kg1 Nd4 29. Nf6+ Kf8 30. Nxd7+ Ke7 31. Qxc5+ Kxd7 32. Qxd5+ Ke7 33. Qc5+ Kd7 34. Qd5+ Ke7 35. Qc5+ Kd7 36. Qxd4+ Ke7 37. Rf2 Qg3+ 38. Bg2 Rxf2 39. Qxf2 1-0

[Event "Wch Blitz"]
[Site "Warsaw"]
[Date "2021.12.30"]
[Round "19"]
[White "Aditya, Mittal"]
[Black "Dziuba, Marcin"]
[Result "0-1"]
[WhiteElo "2459"]
[BlackElo "2568"]
[PlyCount "112"]
[EventDate "2021.12.29"]
[EventType "swiss (blitz)"]
[EventRounds "21"]
[EventCountry "POL"]
[SourceTitle "CBM 205 Extra"]
[Source "ChessBase"]
[SourceDate "2022.01.31"]
[SourceVersion "1"]
[SourceVersionDate "2022.01.31"]
[SourceQuality "1"]

1. d4 Nf6 2. c4 g6 3. Nc3 Bg7 4. e4 d6 5. Be2 0-0 6. Be3 Nc6 7. d5 Ne5 8. f4 Neg4 9. Bd2 c6 10. h3 Nh6 11. Nf3 cxd5 12. cxd5 e6 13. dxe6 Bxe6 14. g4 Re8 15. g5 Nxe4 16. Nxe4 Nf5 17. Bc3 Bc4 18. Bxc4 Rxe4+ 19. Be2 Qe7 20. Kf2 Rxf4 21. Qd2 Re8 22. Rae1 Qxg5 23. Rhg1 Bxc3 24. Qxc3 Qh4+ 25. Kg2 Qg3+ 26. Kh1 Qxh3+ 27. Nh2 Re3 28. Qc8+ Kg7 29. Bg4 Ng3+ 30. Rxg3 Qxg3 31. Rg1 Qh4 32. Qc7 Qf6 33. Qc2 Rfe4 34. Qg2 Re1 35. Nf3 Rxg1+ 36. Kxg1 Qf4 37. Bh3 Qe3+ 38. Qf2 Qf4 39. Kg2 Qc1 40. Ng1 Qc5 41. Qd2 Qd4 42. Qc1 Re5 43. Kh1 Qd5+ 44. Kh2 Qd4 45. Qf1 Qd2+ 46. Bg2 Rh5+ 47. Nh3 Qxb2 48. Qd3 Qe5+ 49. Kg1 Rf5 50. Be4 Rf6 51. Bxb7 Qe1+ 52. Kh2 Qe5+ 53. Kg1 Qa1+ 54. Kh2 Qxa2+ 55. Bg2 Qe6 56. Kg1 Qe5 0-1

[Event "Wch Blitz"]
[Site "Warsaw"]
[Date "2021.12.30"]
[Round "20"]
[White "Dziuba, Marcin"]
[Black "Postny, Evgeny"]
[Result "1-0"]
[WhiteElo "2568"]
[BlackElo "2557"]
[PlyCount "111"]
[EventDate "2021.12.29"]
[EventType "swiss (blitz)"]
[EventRounds "21"]
[EventCountry "POL"]
[SourceTitle "CBM 205 Extra"]
[Source "ChessBase"]
[SourceDate "2022.01.31"]
[SourceVersion "1"]
[SourceVersionDate "2022.01.31"]
[SourceQuality "1"]

1. Nf3 d5 2. g3 Nd7 3. d4 Nb6 4. Bg2 Bf5 5. 0-0 e6 6. Nc3 h6 7. Ne5 Nf6 8. a4 a5 9. f3 Bb4 10. e4 Bh7 11. Ne2 0-0 12. c3 Be7 13. exd5 Nbxd5 14. Nf4 c5 15. Nxd5 Qxd5 16. Be3 cxd4 17. Qxd4 Qb3 18. Qb6 Qxb6 19. Bxb6 Nd5 20. Bf2 Rac8 21. Rfd1 Rfd8 22. f4 g5 23. Bxd5 Rxd5 24. Rxd5 exd5 25. Be3 Be4 26. Kf2 gxf4 27. Bxf4 d4 28. cxd4 Rc2+ 29. Ke3 Bd5 30. h4 Rxb2 31. Bxh6 Rb3+ 32. Kf2 f6 33. Ng6 Bb4 34. Nf4 Be4 35. Ne2 Rf3+ 36. Kg1 Bd3 37. Ra2 Be1 38. Bf4 Rf2 39. Nc1 Rxa2 40. Nxa2 Bc2 41. Kf1 Bb4 42. Nxb4 axb4 43. Bd2 Bxa4 44. Bxb4 Bd1 45. d5 Kf7 46. Kf2 Bb3 47. d6 Ke6 48. Ke3 Bd1 49. Kf4 Be2 50. g4 Bd1 51. h5 Bc2 52. g5 fxg5+ 53. Kxg5 Bb1 54. Kh6 Bd3 55. Kg7 Kd7 56. h6 1-0

[Event "Wch Blitz"]
[Site "Warsaw"]
[Date "2021.12.29"]
[Round "6"]
[White "Dziuba, Marcin"]
[Black "Alonso Rosell, Alvar"]
[Result "1-0"]
[WhiteElo "2568"]
[BlackElo "2570"]
[PlyCount "99"]
[EventDate "2021.12.29"]
[EventType "swiss (blitz)"]
[EventRounds "21"]
[EventCountry "POL"]
[SourceTitle "CBM 205 Extra"]
[Source "ChessBase"]
[SourceDate "2022.01.31"]
[SourceVersion "1"]
[SourceVersionDate "2022.01.31"]
[SourceQuality "1"]

1. d4 f5 2. Nf3 Nf6 3. g3 e6 4. Bg2 Be7 5. c4 0-0 6. Nc3 Ne4 7. Nxe4 fxe4 8. Nd2 d5 9. 0-0 Nc6 10. e3 Bg5 11. f4 exf3 12. Nxf3 Bf6 13. b3 dxc4 14. Ba3 Be7 15. Bxe7 Qxe7 16. bxc4 e5 17. Qb3 exd4 18. exd4 Bg4 19. Rae1 Qd7 20. c5+ Kh8 21. Ng5 Qxd4+ 22. Kh1 h6 23. Nf7+ Kh7 24. Qxb7 Nb4 25. Qe4+ Qxe4 26. Bxe4+ Kg8 27. Bxa8 Rxa8 28. Ne5 Bh3 29. Rf3 Nc2 30. Rc1 Nd4 31. Rd3 Ne6 32. Kg1 Bf5 33. Re3 Rb8 34. Nc6 Rb2 35. Ne7+ Kf7 36. Nxf5 Ng5 37. Kf1 Rxh2 38. Rce1 Kf6 39. Nd4 Nh3 40. Rf3+ Kg6 41. Ne6 Rh1+ 42. Ke2 Ng1+ 43. Ke3 Nxf3 44. Rxh1 Ne5 45. Nxc7 Kf5 46. Nb5 a6 47. Nd4+ Kg4 48. c6 Kxg3 49. Rg1+ Kh2 50. Rxg7 1-0

[Event "Wch Blitz"]
[Site "Warsaw"]
[Date "2021.12.29"]
[Round "9"]
[White "Dziuba, Marcin"]
[Black "Halkias, Stelios"]
[Result "0-1"]
[WhiteElo "2568"]
[BlackElo "2527"]
[PlyCount "88"]
[EventDate "2021.12.29"]
[EventType "swiss (blitz)"]
[EventRounds "21"]
[EventCountry "POL"]
[SourceTitle "CBM 205 Extra"]
[Source "ChessBase"]
[SourceDate "2022.01.31"]
[SourceVersion "1"]
[SourceVersionDate "2022.01.31"]
[SourceQuality "1"]

1. d4 Nf6 2. c4 g6 3. Nf3 Bg7 4. g3 c5 5. d5 b5 6. cxb5 a6 7. bxa6 d6 8. Nc3 Nbd7 9. Bg2 0-0 10. 0-0 Nb6 11. Ne1 Bxa6 12. Rb1 Bb7 13. Nc2 Ng4 14. h3 Bxc3 15. bxc3 Nf6 16. Bh6 Re8 17. Ne3 Rxa2 18. Qb3 Ra6 19. c4 Ba8 20. g4 Nbd7 21. g5 Nh5 22. Bf3 Ng7 23. Bg4 f5 24. Qb2 e5 25. dxe6 Nxe6 26. Nxf5 gxf5 27. Bxf5 Nd4 28. Bg4 Ne5 29. Bh5 Be4 30. f4 Nxc4 31. Qc1 d5 32. Rb7 Rxh6 33. gxh6 Qh4 34. Qe1 Qxh5 35. Qg3+ Bg6 36. Qg5 Nxe2+ 37. Kh2 Qxg5 38. fxg5 Ne5 39. Rf6 d4 40. Rg7+ Kh8 41. Rc7 d3 42. Rd6 d2 43. Kg2 Nd3 44. Re6 Nef4+ 0-1

[Event "Wch Blitz"]
[Site "Warsaw"]
[Date "2021.12.29"]
[Round "12"]
[White "Gabuzyan, Hovhannes"]
[Black "Dziuba, Marcin"]
[Result "1-0"]
[WhiteElo "2589"]
[BlackElo "2568"]
[PlyCount "89"]
[EventDate "2021.12.29"]
[EventType "swiss (blitz)"]
[EventRounds "21"]
[EventCountry "POL"]
[SourceTitle "CBM 205 Extra"]
[Source "ChessBase"]
[SourceDate "2022.01.31"]
[SourceVersion "1"]
[SourceVersionDate "2022.01.31"]
[SourceQuality "1"]

1. e4 e6 2. d4 d5 3. Bd3 dxe4 4. Bxe4 Nf6 5. Bf3 c5 6. Ne2 Nc6 7. Be3 Nd5 8. Bxd5 Qxd5 9. Nbc3 Qd7 10. dxc5 Be7 11. Nb5 0-0 12. Qxd7 Bxd7 13. 0-0-0 Rfd8 14. a3 Ne5 15. Nd6 Bc6 16. f3 Bxd6 17. Rxd6 Rxd6 18. cxd6 Nc4 19. Bf4 e5 20. b3 Nxa3 21. Bg3 Nb5 22. Rd1 a5 23. c4 Na7 24. Bxe5 Bd7 25. Nc3 f6 26. Bd4 Nc6 27. Bc5 Re8 28. Kd2 Kf7 29. Nd5 h5 30. Ra1 h4 31. Bb6 h3 32. gxh3 Re6 33. Bc7 Nd4 34. Kc3 Ne2+ 35. Kb2 Nd4 36. Rxa5 Re2+ 37. Kc3 Nxf3 38. Ra7 Bc6 39. Nb4 Re3+ 40. Kb2 Bd7 41. Rxb7 Ke6 42. Nd5 Re2+ 43. Kc3 Rxh2 44. Bb8 Rxh3 45. Nf4+ 1-0

[Event "Wch Blitz"]
[Site "Warsaw"]
[Date "2021.12.29"]
[Round "8"]
[White "Mastrovasilis, Dimitrios"]
[Black "Dziuba, Marcin"]
[Result "1-0"]
[WhiteElo "2627"]
[BlackElo "2568"]
[PlyCount "77"]
[EventDate "2021.12.29"]
[EventType "swiss (blitz)"]
[EventRounds "21"]
[EventCountry "POL"]
[SourceTitle "CBM 205 Extra"]
[Source "ChessBase"]
[SourceDate "2022.01.31"]
[SourceVersion "1"]
[SourceVersionDate "2022.01.31"]
[SourceQuality "1"]

1. e4 e6 2. b3 d5 3. Bb2 Nf6 4. e5 Nfd7 5. Qg4 c5 6. f4 Nc6 7. Nf3 g6 8. Na3 a6 9. c3 b5 10. Nc2 Qb6 11. Be2 Bb7 12. 0-0 Be7 13. Kh1 a5 14. d4 b4 15. c4 dxc4 16. Bxc4 cxd4 17. Ncxd4 Nxd4 18. Nxd4 h5 19. Qh3 Nc5 20. f5 gxf5 21. Nxf5 Rg8 22. Ne3 Bg5 23. Rxf7 Bxe3 24. Rxb7 Qxb7 25. Qxh5+ Qf7 26. Qe2 Qf2 27. Qh5+ Qf7 28. Qe2 Qf2 29. Qh5+ Kd7 30. Rd1+ Kc7 31. Qh7+ Kb8 32. Qxg8+ Ka7 33. Qg7+ Nb7 34. Bc1 Rd8 35. Rf1 Bxc1 36. Rxf2 Be3 37. Rf1 Rd2 38. Qf7 Bb6 39. g3 1-0

[Event "Wch Rapid"]
[Site "Warsaw"]
[Date "2021.12.27"]
[Round "6"]
[White "Dziuba, Marcin"]
[Black "Ponkratov, Pavel"]
[Result "0-1"]
[WhiteElo "2568"]
[BlackElo "2641"]
[PlyCount "56"]
[EventDate "2021.12.26"]
[EventType "swiss (rapid)"]
[EventRounds "13"]
[EventCountry "POL"]
[SourceTitle "CBM 205 Extra"]
[Source "ChessBase"]
[SourceDate "2022.01.31"]
[SourceVersion "1"]
[SourceVersionDate "2022.01.31"]
[SourceQuality "1"]

1. d4 d5 2. c4 dxc4 3. Nf3 Nf6 4. e3 Bg4 5. Bxc4 e6 6. h3 Bh5 7. 0-0 Bd6 8. Nbd2 Nbd7 9. Be2 0-0 10. b3 c5 11. Bb2 Rc8 12. Nc4 Bb8 13. a4 Qc7 14. Nfe5 cxd4 15. Bxd4 Bxe2 16. Qxe2 Nd5 17. g3 f6 18. Nxd7 Qxd7 19. Rfd1 Qf7 20. Rd2 h5 21. h4 Qg6 22. Rad1 Ne7 23. Qf3 Nf5 24. Kf1 Rf7 25. Bb2 Kh7 26. e4 Nh6 27. Rd7 Ng4 28. Rxf7 Nh2+ 0-1

[Event "Wch Rapid"]
[Site "Warsaw"]
[Date "2021.12.27"]
[Round "8"]
[White "Dziuba, Marcin"]
[Black "Ter Sahakyan, Samvel"]
[Result "1/2-1/2"]
[WhiteElo "2568"]
[BlackElo "2637"]
[PlyCount "63"]
[EventDate "2021.12.26"]
[EventType "swiss (rapid)"]
[EventRounds "13"]
[EventCountry "POL"]
[SourceTitle "CBM 205 Extra"]
[Source "ChessBase"]
[SourceDate "2022.01.31"]
[SourceVersion "1"]
[SourceVersionDate "2022.01.31"]
[SourceQuality "1"]

1. d4 Nf6 2. c4 e6 3. Nf3 d5 4. e3 b6 5. Nbd2 Bd6 6. b3 0-0 7. Bb2 Bb7 8. Bd3 Nbd7 9. 0-0 Ne4 10. Qc2 f5 11. Ne5 Bxe5 12. dxe5 Ndc5 13. Nxe4 dxe4 14. Be2 Qg5 15. Ba3 f4 16. exf4 Qxf4 17. Bxc5 bxc5 18. Qc3 Rad8 19. Rad1 Rxd1 20. Bxd1 Rf5 21. Be2 Bc6 22. g3 Qg5 23. Qe3 Qe7 24. f4 exf3 25. Bxf3 Qf7 26. Bg2 Rxf1+ 27. Bxf1 Qf5 28. Bd3 Qg4 29. Be2 Qf5 30. Bd3 Qg4 31. Be2 Qf5 32. Bd3 1/2-1/2

[Event "Wch Rapid"]
[Site "Warsaw"]
[Date "2021.12.26"]
[Round "4"]
[White "Dziuba, Marcin"]
[Black "Vidit, Santosh Gujrathi"]
[Result "0-1"]
[WhiteElo "2568"]
[BlackElo "2727"]
[PlyCount "88"]
[EventDate "2021.12.26"]
[EventType "swiss (rapid)"]
[EventRounds "13"]
[EventCountry "POL"]
[SourceTitle "CBM 205 Extra"]
[Source "ChessBase"]
[SourceDate "2022.01.31"]
[SourceVersion "1"]
[SourceVersionDate "2022.01.31"]
[SourceQuality "1"]

1. d4 Nf6 2. c4 e6 3. Nf3 d5 4. e3 a6 5. Nbd2 c5 6. cxd5 exd5 7. b3 Nc6 8. Bb2 cxd4 9. Nxd4 Bd6 10. Be2 0-0 11. 0-0 Re8 12. a3 Qe7 13. b4 Ne5 14. Qb3 b5 15. Rfd1 Bd7 16. Nf1 Nc4 17. Ng3 g6 18. Nf3 Nxb2 19. Qxb2 h5 20. Rac1 a5 21. Nd4 h4 22. Nf1 axb4 23. axb4 Ra4 24. Bxb5 Rxb4 25. Qe2 Bxb5 26. Nxb5 Be5 27. Qd3 h3 28. g3 Rb8 29. Nc3 Bxc3 30. Rxc3 Ne4 31. Rc2 Qf6 32. f4 Rb2 33. Nd2 Rxc2 34. Qxc2 Qb2 35. Qd3 Qa2 36. Kf1 Rc8 37. Ke1 Qa5 38. Kf1 Rc3 39. Qd4 Qb5+ 40. Ke1 Rd3 41. Qa7 Qb4 42. Qa8+ Kh7 43. Qa2 Rxe3+ 44. Kf1 Qb5+ 0-1

[Event "Wch Rapid"]
[Site "Warsaw"]
[Date "2021.12.26"]
[Round "3"]
[White "Jobava, Baadur"]
[Black "Dziuba, Marcin"]
[Result "1-0"]
[WhiteElo "2588"]
[BlackElo "2568"]
[PlyCount "59"]
[EventDate "2021.12.26"]
[EventType "swiss (rapid)"]
[EventRounds "13"]
[EventCountry "POL"]
[SourceTitle "CBM 205 Extra"]
[Source "ChessBase"]
[SourceDate "2022.01.31"]
[SourceVersion "1"]
[SourceVersionDate "2022.01.31"]
[SourceQuality "1"]

1. e4 c5 2. Nf3 d6 3. Bb5+ Bd7 4. Bxd7+ Nxd7 5. 0-0 Ngf6 6. Qe2 e6 7. c3 Be7 8. d4 0-0 9. Rd1 Qc7 10. e5 Nd5 11. c4 N5b6 12. Nc3 cxd4 13. exd6 Qxd6 14. Nb5 Qc6 15. b3 a6 16. Nbxd4 Qc7 17. a4 Rae8 18. a5 Nc8 19. Nxe6 Bf6 20. Nxc7 Rxe2 21. Kf1 Re4 22. Ra2 Ne5 23. Ba3 Be7 24. Nxe5 Rxe5 25. Bb2 Rh5 26. h3 Na7 27. Rd7 Nc6 28. Nd5 Bd8 29. Bc3 Re8 30. Rxb7 1-0